Utilization of information technology in e-learning

Enregistré dans:
Détails bibliographiques
Auteur principal: Chudá, Daniela
Autres auteurs: Juríková, Ľubica
Format: Chapitre de livre
Langue:anglais
Tags: Ajouter un tag
Pas de tags, Soyez le premier à ajouter un tag!

MARC

LEADER 00000naa$a2200000$$$4500
001 0063409
005 20240502083151.9
041 0 |a eng 
044 |a CZ 
245 1 0 |a Utilization of information technology in e-learning  |c Daniela Chudá, Ľubica Juríková 
100 1 |a Chudá, Daniela 
700 1 |a Juríková, Ľubica